Destabilizácia stavovského povedomia

Bibliographic Details
Main Author: Wojciechowski, Jacek (Author)
Other Authors: Trancygier, Tomasz, 1947- (Translator)
Format: Article
Language:Slovak
Polish
ISSN:1335-7026
Subjects:
Online Access:http://www.snk.sk/images/snk/casopis_kniznica/2008/april/36.pdf

MARC

LEADER 00000nab a2200000 a 4500
001 vtls009297182
003 SK-MaSNL
005 20260304152620.0
008 250506|2008 xo mr|p||||||||00 b|slo
015 |a SNBRB2008/05  |2 snkbucl 
035 |a (uuid)75654382-0a6a-42a6-a387-a6b5c1b0d629 
035 |a urn:nbn:sk:snk-abc3uv 
035 |a (urnnbn)urn:nbn:sk:snk:ar-000ma6 
038 |a SNKBUCL 
040 |a SNKBUCL  |b slo  |c SNKBUCL  |e AACR2 
041 1 |a slo  |h pol 
044 |a xo  |c SK 
080 |a 02  |x (438)  |2 2001 
080 |a 023.4/.5  |x (438)  |2 2001 
100 1 |a Wojciechowski, Jacek  |4 aut  |9 461036 
245 1 0 |a Destabilizácia stavovského povedomia  |c Jacek Wojciechowski ; preložil Tomasz Trancygier 
650 0 7 |a knihovníctvo  |2 snkbucl  |9 1557 
650 0 7 |a knihovníci  |2 snkbucl  |9 4220 
650 0 7 |a stavovské povedomie  |2 snkbucl  |9 1475028 
651 7 |a Poľsko  |2 snkbucl  |9 16755 
700 1 |a Trancygier, Tomasz,  |d 1947-  |4 trl  |9 229691 
773 0 |t Knižnica  |g Roč. 9, č. 4 (2008), s. 36-38  |x 1335-7026 
850 |a Slovenská národná knižnica 
852 |a Slovenská národná knižnica 
856 4 1 |u http://www.snk.sk/images/snk/casopis_kniznica/2008/april/36.pdf 
954 |a odborná, vedecká literatúra pôvodná (slovenská)  |2 lita 
958 |a article15 
958 |a OND 
958 |a PL 
958 |a KL 
958 |a EUIPO 
999 |c 2950071  |d 2952001